Basic Course in Environmental Studies (Record no. 9218)

MARC details
000 -LEADER
fixed length control field 00380nam a22001457a 4500
003 - CONTROL NUMBER IDENTIFIER
control field OSt
008 - FIXED-LENGTH DATA ELEMENTS--GENERAL INFORMATION
fixed length control field 201119b ||||| |||| 00| 0 eng d
100 ## - MAIN ENTRY--PERSONAL NAME
Personal name Deswal, S and Deswal A.
245 ## - TITLE STATEMENT
Title Basic Course in Environmental Studies
250 ## - EDITION STATEMENT
Edition statement Rep. 2018
260 ## - PUBLICATION, DISTRIBUTION, ETC. (IMPRINT)
Place of publication, distribution, etc New Delhi
Name of publisher, distributor, etc Dhanpat Rai Publication
Date of publication, distribution, etc 2018
300 ## - PHYSICAL DESCRIPTION
Extent 481
650 ## - SUBJECT ADDED ENTRY--TOPICAL TERM
Topical term or geographic name as entry element B.Sc Non Medical
942 ## - ADDED ENTRY ELEMENTS (KOHA)
Source of classification or shelving scheme Dewey Decimal Classification
Koha item type Text Books
942 ## - ADDED ENTRY ELEMENTS (KOHA)
-- 2
Holdings
Withdrawn status Lost status Source of classification or shelving scheme Damaged status Not for loan Collection code Home library Current library Date acquired Source of acquisition Currency Cost, normal purchase price Bill Number Total Checkouts Acc. no. / Barcode Date last seen Actual Cost, discounted price Bill Date Koha item type Date last borrowed
    Dewey Decimal Classification     B.Sc Non Medical PIET NCR College Library PIET NCR College Library 19/11/2020 Kirti Prakashan IN Rupees 270.00 IN413   N437 19/11/2020 202.50 03/09/2020 Reference Books  
    Dewey Decimal Classification     B.Sc Non Medical PIET NCR College Library PIET NCR College Library 19/11/2020 Kirti Prakashan IN Rupees 270.00 IN413 7 N438 11/12/2025 202.50 03/09/2020 Text Books 25/11/2025
    Dewey Decimal Classification     B.Sc Non Medical PIET NCR College Library PIET NCR College Library 19/11/2020 Kirti Prakashan IN Rupees 270.00 IN413 6 N439 11/12/2025 202.50 03/09/2020 Text Books 25/11/2025

Design & Developed by: PIET Central Library
R70 Miles Stone Pattikalyana Samalkha Panipat 132102
mail ID :- [email protected], Phone No:- 0180-2569700 Ex.216